000 00643nam a2200277Ia 4500
005 20260401125711.0
008 008 300114s9999 xx 000 0 eng d
020 _a9788122445428
037 _aEBOOK
040 _aCRL
040 _beng
040 _cCRL
041 _2eng
041 _aeng
084 _qCRL
100 _aSingh, N.B.
_91233865
245 0 _aIntroduction to Polymer Science and Technology
250 _a2
260 _bNew Age
260 _c2017
650 _aChemistry
856 _uhttps://digital.elib4u.com/product-details/366964
942 _cEBOOK
999 _c1847696
_d1847696